<?xml version="1.0" encoding="UTF-8"?>
<record
    xmlns:xsi="http://www.w3.org/2001/XMLSchema-instance"
    xsi:schemaLocation="http://www.loc.gov/MARC21/slim http://www.loc.gov/standards/marcxml/schema/MARC21slim.xsd"
    xmlns="http://www.loc.gov/MARC21/slim">

  <leader>00552nam a22002057a 4500</leader>
  <controlfield tag="005">20260515114917.0</controlfield>
  <controlfield tag="008">220518b           ||||| |||| 00| 0 eng d</controlfield>
  <datafield tag="020" ind1=" " ind2=" ">
    <subfield code="a">9789385439742</subfield>
  </datafield>
  <datafield tag="040" ind1=" " ind2=" ">
    <subfield code="a">IN-DiNC</subfield>
    <subfield code="c">IN-DiNC</subfield>
  </datafield>
  <datafield tag="041" ind1=" " ind2=" ">
    <subfield code="d">asm</subfield>
  </datafield>
  <datafield tag="082" ind1=" " ind2=" ">
    <subfield code="a">370</subfield>
    <subfield code="b">SAI</subfield>
  </datafield>
  <datafield tag="100" ind1=" " ind2=" ">
    <subfield code="a">Saikia, Tarun</subfield>
    <subfield code="e">author</subfield>
  </datafield>
  <datafield tag="245" ind1=" " ind2=" ">
    <subfield code="a">Linga aru shiksha</subfield>
    <subfield code="c">by Tarun Saikia and Runu Borah Saikia</subfield>
  </datafield>
  <datafield tag="250" ind1=" " ind2=" ">
    <subfield code="a">2nd ed.</subfield>
  </datafield>
  <datafield tag="260" ind1=" " ind2=" ">
    <subfield code="a">Jorhat:</subfield>
    <subfield code="b">Bidya Bhawan,</subfield>
    <subfield code="c">2022.</subfield>
  </datafield>
  <datafield tag="300" ind1=" " ind2=" ">
    <subfield code="a">356p.</subfield>
  </datafield>
  <datafield tag="650" ind1=" " ind2=" ">
    <subfield code="a">Gender and Education</subfield>
  </datafield>
  <datafield tag="700" ind1=" " ind2=" ">
    <subfield code="a">Saikia, Runu Borah</subfield>
    <subfield code="e">author</subfield>
  </datafield>
  <datafield tag="942" ind1=" " ind2=" ">
    <subfield code="2">ddc</subfield>
    <subfield code="c">BK</subfield>
  </datafield>
  <datafield tag="999" ind1=" " ind2=" ">
    <subfield code="c">11272</subfield>
    <subfield code="d">11272</subfield>
  </datafield>
  <datafield tag="952" ind1=" " ind2=" ">
    <subfield code="0">0</subfield>
    <subfield code="1">0</subfield>
    <subfield code="2">ddc</subfield>
    <subfield code="4">0</subfield>
    <subfield code="7">0</subfield>
    <subfield code="8">EDU</subfield>
    <subfield code="a">MAIN</subfield>
    <subfield code="b">MAIN</subfield>
    <subfield code="c">GEN</subfield>
    <subfield code="d">2022-05-18</subfield>
    <subfield code="g">280.00</subfield>
    <subfield code="l">4</subfield>
    <subfield code="o">370 SAI</subfield>
    <subfield code="p">28853</subfield>
    <subfield code="r">2023-05-10 00:00:00</subfield>
    <subfield code="s">2023-01-24</subfield>
    <subfield code="t">1</subfield>
    <subfield code="w">2022-05-18</subfield>
    <subfield code="y">BK</subfield>
  </datafield>
  <datafield tag="952" ind1=" " ind2=" ">
    <subfield code="0">0</subfield>
    <subfield code="1">0</subfield>
    <subfield code="2">ddc</subfield>
    <subfield code="4">0</subfield>
    <subfield code="7">0</subfield>
    <subfield code="8">EDU</subfield>
    <subfield code="a">MAIN</subfield>
    <subfield code="b">MAIN</subfield>
    <subfield code="c">GEN</subfield>
    <subfield code="d">2022-05-18</subfield>
    <subfield code="g">280.00</subfield>
    <subfield code="l">19</subfield>
    <subfield code="o">370 SAI</subfield>
    <subfield code="p">28854</subfield>
    <subfield code="r">2025-05-21 06:04:54</subfield>
    <subfield code="s">2025-03-27</subfield>
    <subfield code="t">2</subfield>
    <subfield code="w">2022-05-18</subfield>
    <subfield code="y">BK</subfield>
  </datafield>
  <datafield tag="952" ind1=" " ind2=" ">
    <subfield code="0">0</subfield>
    <subfield code="1">0</subfield>
    <subfield code="2">ddc</subfield>
    <subfield code="4">0</subfield>
    <subfield code="7">0</subfield>
    <subfield code="8">EDU</subfield>
    <subfield code="a">MAIN</subfield>
    <subfield code="b">MAIN</subfield>
    <subfield code="c">GEN</subfield>
    <subfield code="d">2022-05-18</subfield>
    <subfield code="g">280.00</subfield>
    <subfield code="l">16</subfield>
    <subfield code="o">370 SAI</subfield>
    <subfield code="p">28855</subfield>
    <subfield code="r">2025-05-21 06:57:27</subfield>
    <subfield code="s">2025-04-23</subfield>
    <subfield code="t">3</subfield>
    <subfield code="w">2022-05-18</subfield>
    <subfield code="y">BK</subfield>
  </datafield>
  <datafield tag="952" ind1=" " ind2=" ">
    <subfield code="0">0</subfield>
    <subfield code="1">0</subfield>
    <subfield code="2">ddc</subfield>
    <subfield code="4">0</subfield>
    <subfield code="7">0</subfield>
    <subfield code="8">EDU</subfield>
    <subfield code="a">MAIN</subfield>
    <subfield code="b">MAIN</subfield>
    <subfield code="c">GEN</subfield>
    <subfield code="d">2023-01-21</subfield>
    <subfield code="g">280.00</subfield>
    <subfield code="l">18</subfield>
    <subfield code="o">370 SAI</subfield>
    <subfield code="p">29152</subfield>
    <subfield code="r">2025-05-21 10:32:24</subfield>
    <subfield code="s">2025-04-23</subfield>
    <subfield code="t">4</subfield>
    <subfield code="w">2023-01-21</subfield>
    <subfield code="y">BK</subfield>
  </datafield>
  <datafield tag="952" ind1=" " ind2=" ">
    <subfield code="0">0</subfield>
    <subfield code="1">0</subfield>
    <subfield code="2">ddc</subfield>
    <subfield code="4">0</subfield>
    <subfield code="7">0</subfield>
    <subfield code="8">EDU</subfield>
    <subfield code="a">MAIN</subfield>
    <subfield code="b">MAIN</subfield>
    <subfield code="c">GEN</subfield>
    <subfield code="d">2023-01-21</subfield>
    <subfield code="g">280.00</subfield>
    <subfield code="l">18</subfield>
    <subfield code="o">370 SAI</subfield>
    <subfield code="p">29153</subfield>
    <subfield code="r">2025-05-14 06:45:19</subfield>
    <subfield code="s">2025-04-24</subfield>
    <subfield code="t">5</subfield>
    <subfield code="w">2023-01-21</subfield>
    <subfield code="y">BK</subfield>
  </datafield>
  <datafield tag="952" ind1=" " ind2=" ">
    <subfield code="0">0</subfield>
    <subfield code="1">0</subfield>
    <subfield code="2">ddc</subfield>
    <subfield code="4">0</subfield>
    <subfield code="7">0</subfield>
    <subfield code="8">EDU</subfield>
    <subfield code="a">MAIN</subfield>
    <subfield code="b">MAIN</subfield>
    <subfield code="c">GEN</subfield>
    <subfield code="d">2023-01-21</subfield>
    <subfield code="g">280.00</subfield>
    <subfield code="l">1</subfield>
    <subfield code="o">370 SAI</subfield>
    <subfield code="p">29154</subfield>
    <subfield code="r">2023-01-24 00:00:00</subfield>
    <subfield code="s">2023-01-24</subfield>
    <subfield code="t">6</subfield>
    <subfield code="w">2023-01-21</subfield>
    <subfield code="y">BK</subfield>
  </datafield>
  <datafield tag="952" ind1=" " ind2=" ">
    <subfield code="0">0</subfield>
    <subfield code="1">0</subfield>
    <subfield code="2">ddc</subfield>
    <subfield code="4">0</subfield>
    <subfield code="7">0</subfield>
    <subfield code="8">EDU</subfield>
    <subfield code="a">MAIN</subfield>
    <subfield code="b">MAIN</subfield>
    <subfield code="c">GEN</subfield>
    <subfield code="d">2025-03-03</subfield>
    <subfield code="g">320.00</subfield>
    <subfield code="l">2</subfield>
    <subfield code="o">370 SAI</subfield>
    <subfield code="p">30652</subfield>
    <subfield code="r">2025-05-21 07:07:43</subfield>
    <subfield code="s">2025-04-23</subfield>
    <subfield code="t">7</subfield>
    <subfield code="w">2025-03-03</subfield>
    <subfield code="y">BK</subfield>
  </datafield>
</record>
